Data structures and other objects using C++

Saved in:
Bibliographic Details
Main Author: Main, Michael
Other Authors: Savitch, Walter J., 1943-
Format: Book
Language:English
Published: Reading, Mass. : Addison-Wesley, c1997
Subjects:
Tags: Add Tag
No Tags, Be the first to tag this record!

MARC

LEADER 00000nam a2200000 i 4500
001 1/2033
008 000420s1997 eng d
020 |a 0805374701 
035 |l 10060250 
040 |a GR-MY-UA  |b gre  |e aacr 
041 0 |a eng 
082 0 |a 005.73 
100 1 |a Main, Michael. 
245 1 0 |a Data structures and other objects using C++ /  |c Michael Main, Walter Savitch 
260 |a Reading, Mass. :   |b Addison-Wesley,   |c c1997 
300 |a xxxi, 751 p.;  |b ill.;  |c 24 cm. 
504 |a Includes index 
650 0 0 |a Data structures (Computer science) 
650 0 0 |a C++ (Computer program language) 
700 1 |a Savitch, Walter J.,   |d 1943- 
852 |a INST  |b SAMOS  |e 20000420  |h 005.73 MAI  |p 005300015351  |q 005300015351  |t BK  |y 0 
901 |a BIBL3-2000-1 
909 |a Σ  |b 075114 
922 |a 3ΕΛΗ  |b 200003  |c ΤΠΕΣ/ΤΑΚΤ  |d ΠΑΠΑΣΩΤΗΡΙΟΥ 
970 |a ΓΕΝΟΥΖΟΥ  |b ΧΡΥΣΑΝΘΗ  |z 2000/04/20